| 000 | 00381pam a2200157a 44500 | ||
|---|---|---|---|
| 008 | 230515b1978 xxu||||| |||| 00| 0 eng d | ||
| 020 | _aNULL | ||
| 041 | _aENGLISH | ||
| 082 | _a630 | ||
| 100 | _a8804 1978 | ||
| 245 | _aPLUGS SOCKETS AND TERMINAL ARRANGEMENTS FOR MANUAL ARC WELDING EQUIPMENT | ||
| 250 | _a0 | ||
| 260 |
_aDELHI _bISI _c1978 |
||
| 300 | _a12 | ||
| 650 | _aNULL | ||
| 999 |
_c651932 _d651932 |
||